=LDR 00000nam 2200000 4500 =001 INLIS000000000003529 =005 20250317110319 =035 ##$$a 0010-0325000245 =007 ta =008 250317###########################0#ind## =020 ##$$a 978-602-8001-48-9 =082 ##$$a 304.66 =084 ##$$a 304.66 ATT e =100 #$$a Attfield Robin =245 1#$$a Etika Lingkungan Global /$c Attfield Robin (Penulis) ; Saut Pasaribu (Penerjemah) =250 ##$$a - =260 ##$$a Jakarta :$b Kreasi Wacana,$c 2010 =300 ##$$a 330 hlm : $b ilus ; $c 24 cm$e - =650 #4$$a Keluarga Berencana =520 ##$$a - =856 ##$$a Perpustakaan BKKBN Pusat